000
00213nam a22000977a 4500
999
_c
12361
_d
12361
020
_a
0-419202900
082
_a
658.8
100
_a
Richardson, Brian
245
_a
Marketing for Architects and Engineers
942
_c
BK